000 00646 a2200181 4500
020 _a9971502933
020 _a9789971502935
082 0 4 _a523.1
090 _c349
_d349
100 1 _aFang, L-Z.
245 1 0 _aQuantum cosmology /
_cL-Z Fang.
260 _a[S.l.] :
_bWspc,
_c1987.
300 _a340 p. ;
_c25 cm.
490 1 _aWorld scientific advanced series in astrophysics and cosmology, vol 3.
830 0 _aWorld scientific advanced series in astrophysics and cosmology, vol 3.
942 _aSNS
_cBK
_k523.1 FAN
999 _c28982
_d28982